Top 10 Città più popolose Provincia di Parma - Statistics

Statistiche generali
  • Questo quiz è stato fatto 56 volte
  • Il punteggio medio è 5 su 10
Statistiche sulle risposte
Popolazione (ab.) Città % Corretto
175 895 Parma
95%
25 521 Fidenza
86%
13 893 Collecchio
65%
12 705 Noceto
57%
19 505 Salsomaggiore Terme
57%
9 784 Langhirano
49%
9 275 Traversetolo
49%
12 984 Sorbolo Mezzani
30%
10 663 Medesano
19%
10 482 Montechiarugolo
19%
Nessun quiz corrispondente trovato
Distribuzione punteggi
Percentuale di utenti per punteggio
Percentile per numero di risposta
I tuoi punteggi nel tempo
Non hai fatto questo quiz